QUEST Central Library Banner

Thomas' Calculus (Record no. 6995)

MARC details
000 -LEADER
fixed length control field 00703nam a2200265 a 4500
003 - CONTROL NUMBER IDENTIFIER
control field PK-NaQUE
005 - DATE AND TIME OF LATEST TRANSACTION
control field 20250523120109.0
008 - FIXED-LENGTH DATA ELEMENTS--GENERAL INFORMATION
fixed length control field 250523b ||||| |||| 00| 0 eng d
020 ## - INTERNATIONAL STANDARD BOOK NUMBER
International Standard Book Number 032148987X (hardcover)
020 ## - INTERNATIONAL STANDARD BOOK NUMBER
International Standard Book Number 9780321489876 (hardcover)
040 ## - CATALOGING SOURCE
Transcribing agency QUEST
082 ## - DEWEY DECIMAL CLASSIFICATION NUMBER
Classification number 515THO
100 1# - MAIN ENTRY--PERSONAL NAME
Personal name Thomas, George B. .
245 10 - TITLE STATEMENT
Title Thomas' Calculus
250 ## - EDITION STATEMENT
Edition statement 11th ed.
260 ## - PUBLICATION, DISTRIBUTION, ETC. (IMPRINT)
Place of publication, distribution, etc New Delhi
Name of publisher, distributor, etc Pearson,
Date of publication, distribution, etc 2007.
300 ## - PHYSICAL DESCRIPTION
Extent 1228 p. ;
650 ## - SUBJECT ADDED ENTRY--TOPICAL TERM
Topical term or geographic name as entry element Calculus
650 ## - SUBJECT ADDED ENTRY--TOPICAL TERM
Topical term or geographic name as entry element Geometry, Analytic
700 1# - ADDED ENTRY--PERSONAL NAME
Personal name Weir, Maurice D.
700 1# - ADDED ENTRY--PERSONAL NAME
Personal name Hass, Joel R.
700 1# - ADDED ENTRY--PERSONAL NAME
Personal name Giordano, Frank R.
856 40 - ELECTRONIC LOCATION AND ACCESS
Uniform Resource Identifier <a href="http://10.10.170.122:8080/browse/book/12110">http://10.10.170.122:8080/browse/book/12110</a>
Link text Download eBook
942 ## - ADDED ENTRY ELEMENTS (KOHA)
Koha item type Books
Source of classification or shelving scheme Dewey Decimal Classification
Holdings
Withdrawn status Lost status Damaged status Not for loan Home library Current library Date acquired Cost, normal purchase price Total Checkouts Full call number Barcode Checked out Date last seen Date checked out Price effective from Koha item type
        Central Library, QUEST, Nawabshah Central Library, QUEST, Nawabshah 17/06/2014 2272.00 6 519.7THO 44839 25/12/2020 25/11/2020 25/11/2020 17/06/2014 Books
        Central Library, QUEST, Nawabshah Central Library, QUEST, Nawabshah 17/06/2014 2272.00 6 519.7THO 44840   14/04/2026 13/10/2025 17/06/2014 Books

Copyright © 2018,The QUEST, Nawabshah, Shaheed Benazirabad. All rights reserved
Mr. G. Farooq Channar (Librarian) QUEST, Nawabshah, Sindh, Pakistan 67480.
 Ph#: |   0244-9370381-4 Ext. 2308   Email| lib@quest.edu.pk   Web|  http://www.quest.edu.pk